Podział administracyjny Ursynowa - Statystyki

Ogólne statystyki
  • Ten quiz został rozwiązany 2 razy
  • Średni wynik to 3 z 13
Statystyki odpowiedzi
Odpowiedź: % Poprawnych
Kabaty
100%
Natolin
100%
Pyry
50%
Ursynów Północny
50%
Dąbrówka
0%
Grabów
0%
Jeziorki Północne
0%
Jeziorki Południowe
0%
Skarpa Powsińska
0%
Stary Imielin
0%
Stary Służew
0%
Ursynów-Centrum
0%
Wyczółki
0%
Nie znaleziono quizów pasujących do podanych kryteriów
Rozkład punktacji
Procent ludzi z każdym wynikiem
Percentyl według liczby udzielonych odpowiedzi
Twoja historia wyników
Nie rozwiązałeś tego quizu